000 00563nam a2200193Ia 4500
003 GCL
008 140319s9999 xx 000 0 ara d
040 _aGCL /
_cGCL
082 0 4 _a633.5
_bم ا
100 1 _aمحمد احمد جمعة
245 1 0 _aاعداد محصول القطن للتسويق التعاونى /
_cمحمد احمد جمعة
300 _a67 ص
490 _aاخترنا للفلاح
_v0
650 0 4 _aالقادة
650 0 4 _aالقطن
650 0 4 _aالقطن - تخزين
650 0 4 _aالقطن - تسويق
942 _2ddc
_cBK
999 _c46758
_d46758